[Event "SVK-chT2B 1617"]
[Site "Slovakia"]
[Date "2017.03.11"]
[Round "10.6"]
[White "Laho, Lukas"]
[Black "Moravcik, Rastislav"]
[Result "0-1"]
[WhiteElo "1891"]
[BlackElo "2046"]
[PlyCount "60"]
[EventDate "2016.10.08"]
[EventType "team-tourn"]
[EventRounds "11"]
[EventCountry "SVK"]
[SourceTitle "EXT 2018"]
[Source "ChessBase"]
[SourceDate "2017.10.13"]
[SourceVersion "1"]
[SourceVersionDate "2017.10.13"]
[SourceQuality "1"]
[WhiteTeam "Surany Lokomotiva"]
[BlackTeam "Topolcany"]
[WhiteTeamCountry "SVK"]
[BlackTeamCountry "SVK"]

1. d4 d5 2. Nf3 e6 3. e3 Bd6 4. Bd3 f5 5. 0-0 Nf6 6. b3 0-0 7. Bb2 Ne4 8. Ne5 Bxe5 9. dxe5 c5 10. f3 Ng5 11. Nd2 Nc6 12. f4 Ne4 13. Nxe4 fxe4 14. Be2 b6 15. c3 a5 16. Bb5 Ne7 17. g4 Ng6 18. Qc2 Bb7 19. Rad1 Qe7 20. Rd2 Nh4 21. Be2 g5 22. Bd1 gxf4 23. exf4 Ba6 24. c4 e3 25. Re2 d4 26. Qb1 Bb7 27. Ree1 Qd7 28. Bc2 Qc6 29. Bxh7+ Kg7 30. Rxe3 Qg2# 0-1

[Event "SVK-chT2B 1617"]
[Site "Slovakia"]
[Date "2016.10.08"]
[Round "1.7"]
[White "Laho, Lukas"]
[Black "Batora, Matej"]
[Result "0-1"]
[WhiteElo "1891"]
[BlackElo "1928"]
[PlyCount "108"]
[EventDate "2016.10.08"]
[EventType "team-tourn"]
[EventRounds "11"]
[EventCountry "SVK"]
[SourceTitle "CBM 175 Extra"]
[Source "ChessBase"]
[SourceDate "2016.12.12"]
[SourceVersion "1"]
[SourceVersionDate "2016.12.12"]
[SourceQuality "1"]
[WhiteTeam "Surany Lokomotiva"]
[BlackTeam "Tlmace"]
[WhiteTeamCountry "SVK"]
[BlackTeamCountry "SVK"]

1. d4 d5 2. Nf3 Nf6 3. e3 Bf5 4. c4 e6 5. Nc3 c6 6. Be2 h6 7. 0-0 Bd6 8. a3 0-0 9. b4 a6 10. Bb2 Nbd7 11. cxd5 exd5 12. Na4 Ne4 13. Nc5 Rb8 14. Rc1 Ndf6 15. Ne5 Re8 16. Ncd3 Nh7 17. Bh5 g6 18. Bg4 Bxg4 19. Qxg4 h5 20. Qd1 Qg5 21. Nf3 Qh6 22. Nde5 f6 23. Nd7 Rbd8 24. Nc5 Re7 25. Nxe4 Rxe4 26. Re1 Ng5 27. Rc2 Rde8 28. h3 Nxf3+ 29. Qxf3 g5 30. Qf5 Kf7 31. Qd7+ Be7 32. f3 Re6 33. Qxb7 g4 34. f4 gxh3 35. gxh3 Rg8+ 36. Rg2 Rxg2+ 37. Kxg2 Qg6+ 38. Kf2 Qf5 39. Qxa6 Qxh3 40. Qf1 Qg4 41. Qg2 f5 42. Re2 Bh4+ 43. Kf1 Bg3 44. Bc1 h4 45. Kg1 h3 46. Qf1 Bxf4+ 47. Kh1 Bg3 48. Bd2 Qe4+ 49. Kg1 h2+ 50. Rxh2 Bxh2+ 51. Kxh2 Rh6+ 52. Kg3 Rh1 53. Qg2 Qg4+ 54. Kf2 Qd1 0-1

[Event "SVK-chT2B 1314"]
[Site "Slovakia"]
[Date "2014.02.22"]
[Round "8.3"]
[White "Laho, Lukas"]
[Black "Chrenko, Kristian"]
[Result "1-0"]
[WhiteElo "1840"]
[BlackElo "1599"]
[PlyCount "52"]
[EventDate "2013.10.19"]
[EventType "team-tourn"]
[EventRounds "11"]
[EventCountry "SVK"]
[SourceTitle "EXT 2015"]
[Source "ChessBase"]
[SourceDate "2014.11.20"]
[SourceVersion "1"]
[SourceVersionDate "2014.11.20"]
[SourceQuality "1"]
[WhiteTeam "Surany"]
[BlackTeam "Nitra NSK II"]
[WhiteTeamCountry "SVK"]
[BlackTeamCountry "SVK"]

1. d4 Nf6 2. c4 e6 3. Nc3 d5 4. Bg5 Be7 5. e3 0-0 6. Nf3 b6 7. cxd5 exd5 8. Bd3 Bg4 9. 0-0 Nbd7 10. h3 Be6 11. a3 h6 12. Bf4 c6 13. Ba6 g5 14. Bh2 g4 15. hxg4 Bxg4 16. Bb7 Rc8 17. Bxc8 Qxc8 18. Qc2 Bxf3 19. gxf3 Kh8 20. Kh1 Rg8 21. Rg1 Qf8 22. Qf5 Bd6 23. Rxg8+ Kxg8 24. Rg1+ Kh8 25. Be5 Qe7 26. Qg4 Qf8 1-0

[Event "SVK-ch op"]
[Site "Banska Stiavnica"]
[Date "2013.07.13"]
[Round "8"]
[White "Laho, Lukas"]
[Black "Wozniak, Mariola"]
[Result "0-1"]
[WhiteElo "1835"]
[BlackElo "2016"]
[PlyCount "42"]
[EventDate "2013.07.06"]
[EventType "swiss"]
[EventRounds "9"]
[EventCountry "SVK"]
[SourceTitle "CBM 155 Extra"]
[Source "ChessBase"]
[SourceDate "2013.08.26"]
[SourceVersion "1"]
[SourceVersionDate "2013.08.26"]
[SourceQuality "1"]

1. d4 d5 2. Nf3 Nf6 3. c4 dxc4 4. Nc3 a6 5. a4 e6 6. Bg5 c5 7. e3 Nc6 8. Bxc4 cxd4 9. exd4 Be7 10. 0-0 0-0 11. Rc1 Nb4 12. Qe2 b6 13. Rfd1 Bb7 14. d5 exd5 15. Nxd5 Nfxd5 16. Bxd5 Nxd5 17. Rxd5 Qxd5 18. Qxe7 Rfe8 19. Qb4 Re4 20. Qxb6 Rg4 21. Qe3 Qxf3 0-1

[Event "SVK-ch op"]
[Site "Banska Stiavnica"]
[Date "2013.07.08"]
[Round "3"]
[White "Laho, Lukas"]
[Black "Demeter, Peter"]
[Result "0-1"]
[WhiteElo "1835"]
[BlackElo "2168"]
[PlyCount "54"]
[EventDate "2013.07.06"]
[EventType "swiss"]
[EventRounds "9"]
[EventCountry "SVK"]
[SourceTitle "CBM 155 Extra"]
[Source "ChessBase"]
[SourceDate "2013.08.26"]
[SourceVersion "1"]
[SourceVersionDate "2013.08.26"]
[SourceQuality "1"]

1. d4 Nf6 2. c4 c5 3. d5 d6 4. Nc3 g6 5. e4 Bg7 6. Bd3 0-0 7. Nge2 a6 8. a4 e5 9. a5 Nh5 10. Be3 Nd7 11. f3 f5 12. Qa4 Nf4 13. Bxf4 exf4 14. Nxf4 Ne5 15. Be2 fxe4 16. Ne6 Bxe6 17. dxe6 exf3 18. gxf3 Qh4+ 19. Kd1 Rae8 20. Nd5 Rxe6 21. f4 Ng4 22. Qd7 Rxe2 23. Kxe2 Qf2+ 24. Kd3 Ne5+ 25. fxe5 Rf3+ 26. Ke4 Qe2+ 27. Ne3 Qxe3+ 0-1

[Event "SVK-ch op"]
[Site "Banska Stiavnica"]
[Date "2013.07.06"]
[Round "1"]
[White "Laho, Lukas"]
[Black "Snider, Lukas"]
[Result "1/2-1/2"]
[WhiteElo "1835"]
[BlackElo "2004"]
[PlyCount "139"]
[EventDate "2013.07.06"]
[EventType "swiss"]
[EventRounds "9"]
[EventCountry "SVK"]
[SourceTitle "CBM 155 Extra"]
[Source "ChessBase"]
[SourceDate "2013.08.26"]
[SourceVersion "1"]
[SourceVersionDate "2013.08.26"]
[SourceQuality "1"]

1. d4 d5 2. Nf3 Nf6 3. e3 Bg4 4. Bd3 c5 5. b3 Nc6 6. Bb2 e6 7. Nbd2 cxd4 8. exd4 Bd6 9. 0-0 0-0 10. a3 Nh5 11. h3 Bxf3 12. Nxf3 Nf4 13. c4 Nxd3 14. Qxd3 Qf6 15. cxd5 exd5 16. Qb5 Rfd8 17. Rac1 Ne7 18. Ne5 a6 19. Qd3 Qf4 20. g3 Qh6 21. Kg2 f6 22. Ng4 Qg5 23. f4 Qf5 24. Qxf5 Nxf5 25. Rfe1 Re8 26. Kf3 Kf7 27. h4 Re4 28. Rxe4 dxe4+ 29. Kf2 Re8 30. Ne3 Nxe3 31. Kxe3 f5 32. Rc4 Kg6 33. Rc1 Kh5 34. Kf2 Kg4 35. Re1 Rc8 36. Re2 a5 37. Kg2 g6 38. Kf2 Rc6 39. Kg2 h5 40. Kf2 Rc8 41. Kg2 Re8 42. Re3 Bc7 43. Re2 Bb6 44. a4 Rd8 45. Bc3 Rc8 46. Bb2 Rc7 47. Rd2 Re7 48. Re2 Rd7 49. Bc3 Bd8 50. Bb2 Rd5 51. Rc2 Rd6 52. Re2 Bf6 53. Bc3 Bd8 54. Rd2 Rc6 55. Ba1 Rb6 56. Rb2 Bf6 57. Rb1 Rc6 58. Rf1 e3 59. Kh1 Kxg3 60. d5 Rc2 61. Bxf6 Rh2+ 62. Kg1 Rg2+ 63. Kh1 Rh2+ 64. Kg1 Rg2+ 65. Kh1 e2 66. Rc1 Rh2+ 67. Kg1 Rg2+ 68. Kh1 Rh2+ 69. Kg1 Rg2+ 70. Kh1 1/2-1/2

[Event "SVK-chT2B 1213"]
[Site "Slovakia"]
[Date "2012.12.02"]
[Round "4"]
[White "Laho, Lukas"]
[Black "Dzurenda, Vladimir"]
[Result "1/2-1/2"]
[WhiteElo "1807"]
[BlackElo "1570"]
[PlyCount "113"]
[EventDate "2012.10.13"]
[EventType "team-tourn"]
[EventRounds "11"]
[EventCountry "SVK"]
[SourceTitle "EXT 2015"]
[Source "ChessBase"]
[SourceDate "2014.11.20"]
[SourceVersion "1"]
[SourceVersionDate "2014.11.20"]
[SourceQuality "1"]
[WhiteTeam "Surany"]
[BlackTeam "Bojnice"]
[WhiteTeamCountry "SVK"]
[BlackTeamCountry "SVK"]

1. d4 d6 2. c4 Nf6 3. Nc3 g6 4. e4 Bg7 5. Nf3 0-0 6. Be2 Bg4 7. h3 Bxf3 8. Bxf3 Nc6 9. Be3 e5 10. d5 Ne7 11. 0-0 Nd7 12. Be2 f5 13. f3 f4 14. Bf2 g5 15. b4 Ng6 16. c5 Nf6 17. Rc1 a6 18. Na4 Rc8 19. cxd6 cxd6 20. Rxc8 Qxc8 21. Qc1 b5 22. Nb6 Qb8 23. Qa3 Qb7 24. Rc1 h5 25. Rc6 Rd8 26. Qc3 g4 27. Rc7 Qb8 28. Qc6 g3 29. Be1 Bf8 30. Rb7 Ne7 31. Rxb8 Nxc6 32. dxc6 Rxb8 33. c7 Re8 34. c8Q Rxc8 35. Nxc8 d5 36. Bd3 d4 37. Nb6 Kf7 38. Nd5 Nxd5 39. exd5 Ke7 40. Kf1 Kd6 41. Be4 Be7 42. Ke2 Bd8 43. Kd3 h4 44. Kc2 Be7 45. Kb3 Kc7 46. Bf5 Bf8 47. a3 Kd6 48. Be6 e4 49. fxe4 f3 50. gxf3 Bh6 51. f4 Bxf4 52. Bg4 d3 53. Bf3 d2 54. Bxd2 Bxd2 55. Kc2 Bg5 56. Bg2 Bf6 57. Bf3 1/2-1/2